000 00962cmm a2200265 i 4500
001 195500
003 ES-MaACL
005 20240621063014.0
006 a|||||s|||||000 0|
007 c|*|||||||||||
008 240619s2016 esp 000 0 spa d
040 _aBNMEX
_bspa
_cBNMEX
_dUAL
_erdc
245 0 0 _aJosé Amador de los Ríos y su tiempo, 1816-2016
_h[Recurso electrónico] :
_bbicentenario del nacimiento
260 _aBaena, Córdoba :
_bFundación Centro de Documentación Juan Alfonso de Baena,
_cD.L. 2016.
300 _a1 DVD :
_bcol.
_c12 cm
336 _aTexto
337 _aelectrónico
_2isbdmedia
500 _aTítulo tomado de la caratula
600 1 4 _921088
_aAmador de los Ríos, José,
_d1818-1878
655 7 _2tgfbne
_9226850
_aHomenajes
852 _aES-MaACL
_cDES
_jDes-ROTATIVO-28
_9203712
942 _2udc
_cDVD
999 _c195500
_d195500